000 00896nam a22003137a 4500
001 BR0806822
003 BR-BrBNA
005 20230928102754.0
007 ta
008 230509b bl.||||| |||| 00| 0 por d
040 _aBR-BrBNA
_bpor
_cBiblioteca Nacional de Agricultura
041 _a(Por)
072 _aF01
_b0329
090 _ 0329 BR0806822
100 1 _aMirisola Filho, L.A.
100 1 _aSakaguti, C.Y.A.
110 1 _aServiço Nacional de Aprendizagem Rural, Brasília, DF (Brasil)
245 1 _aTrabalhador no cultivo de plantas industriais; cultivo da pupunha
_bColeção SENAR, 86
260 3 _aBrasília, DF (Brasil):
_c2004.
300 _a80 p.
650 _aPUPUNHA
650 _aMUDA
650 _aPRÁTICA CULTURAL
650 _aPRAGA DE PLANTA
650 _aDOENÇA DE PLANTA
650 _aADUBAÇÃO
909 _a202309
_bLucia
_c55
_dLucia Elande
942 _cBK
999 _c72395
_d72395